Famous People Named (or Titled) "Lord" - Statistics

General Stats
  • This quiz has been taken 217 times
    57 since last reset
  • The average score is 8 of 16
Answer Stats
Life Hint Person % Correct
Fictional Archenemy of Harry Potter Lord Voldemort
87%
Fictional Who Anakin Skywalker became Lord Vader
85%
1788-1824 English poet of the Romantic movement Lord Byron
77%
1996- New Zealand singer-songwriter of "Royals" Lorde
74%
1824–1907 Physicist William Thomson, namesake of a temperature unit Lord Kelvin
72%
1809-1892 English poet of "The Charge of the Light Brigade" Alfred, Lord Tennyson
62%
1857-1941 Founder of Boy Scouts Lord Robert Baden-Powell
53%
Fictional Villainous ruler of Duloc in Shrek Lord Farquaad
51%
Fictional Alias of Peter Quill in Guardians of the Galaxy Star-Lord
51%
1841–1908 Donor of the trophy now awarded to NHL champions Lord Stanley
49%
1934–1974? British aristocrat known for his mysterious disappearance Lord Lucan
42%
1968- Former adult film actress who used a fake birth certificate Traci Lords
42%
1580–1632 George Calvert, the founder of Maryland Lord Baltimore
28%
1920-1998 Starred as Steve McGarrett in Hawaii Five-O Jack Lord
26%
Fictional Guilt-ridden sailor in the 1900 novel by Joseph Conrad Lord Jim
23%
1975- Directed Lego Movie, 21 Jump Street, Cloudy with a Chance... {Phil} Lord
9%
No matching quizzes found
Score Distribution
Percent of People with Each Score
Percentile by Number Answered
Your Score History
You have not taken this quiz since the last reset